Cultura, política y sociedad: perspectivas latinoamericanas /
Según el autora, la palabra cultura señala diferentes procesos y actividades cuya definición varía según los campos de resonancia en lo que se la inserta para designar aquellas manifestaciones simbólicas y expresivas que desbordan el marco de racionalidad productiva de lo económico-social. En el tex...
Gorde:
| Egile nagusia: | |
|---|---|
| Beste egile batzuk: | |
| Formatua: | Texto |
| Argitaratua: |
Buenos Aires:
CLACSO
|
| Gaiak: | |
| Etiketak: |
Etiketa erantsi
Etiketarik gabe, Izan zaitez lehena erregistro honi etiketa jartzen!
|
MARC
| LEADER | 00000 a a2200000 04500 | ||
|---|---|---|---|
| 001 | 32488 | ||
| 003 | |||
| 040 | |||
| 020 | |a 987-1183-27-5 | ||
| 090 | |a 202511 | ||
| 100 | |a Mato, Daniel | ||
| 245 | |a Cultura, política y sociedad: perspectivas latinoamericanas / |c Daniel Mato | ||
| 260 | |a Buenos Aires: |b CLACSO | ||
| 300 | |a 504 p. | ||
| 520 | |a Según el autora, la palabra cultura señala diferentes procesos y actividades cuya definición varía según los campos de resonancia en lo que se la inserta para designar aquellas manifestaciones simbólicas y expresivas que desbordan el marco de racionalidad productiva de lo económico-social. En el texto se señalan tres dimensiones de la palabra "cultura" que son la antropológica social, la ideológica-estética y la política-institucional. Dichas dimensiones pueden mezclarse complementarimente o bien contraponerse polémicamente, en este sentido el proyecto de los estudios culturales, tal y como se formula en los años sesenta en Inglaterra, intenta revisar los cruces de diferentes versiones de cultura. Sin embargo, en América Latina se les mira con sospechas y reticencias, ya que para algunos, los estudios culturales están demasiado cautivos del horizonte de referencias metropolitanas que globaliza el uso y la vigencia de los términos puestos en circulación por el mercado lingüístico de seminarios y de congresos internacionales. El objetivo del artículo es abrirse a la discuisión sobre teoría y crítica de la cultura, enfatizando algunos puntos que se abren ante la perspectiva asumida por los estudios culturales, y su asimilación en el contexto latinoamericano | ||
| 650 | |a CULTURA | ||
| 650 | |a INVESTIGACION SOCIAL | ||
| 650 | |a TEORIA SOCIAL | ||
| 650 | |a VALORES SOCIALES | ||
| 650 | |a AMERICA LATINA | ||
| 650 | |a ESTADOS UNIDOS | ||
| 700 | |a comp. | ||
| 999 | |c 12204 |d 12204 | ||



